[Event "NED-ch U13"]
[Site "Rijswijk"]
[Date "2011.06.04"]
[Round "9"]
[White "Westerduin, Dennis"]
[Black "Remans, Nathan"]
[Result "0-1"]
[WhiteElo "1056"]
[BlackElo "1389"]
[PlyCount "84"]
[EventDate "2011.06.02"]
[EventType "swiss"]
[EventRounds "9"]
[EventCountry "NED"]
[SourceTitle "EXT 2012"]
[Source "ChessBase"]
[SourceDate "2011.11.24"]
[SourceVersion "1"]
[SourceVersionDate "2011.11.24"]
[SourceQuality "1"]

1. e4 c5 2. c4 Nc6 3. d3 d6 4. Nf3 Nf6 5. Nc3 g6 6. g3 Bg7 7. Bg2 0-0 8. 0-0 Bd7 9. Re1 e6 10. Bd2 Re8 11. Be3 Qc7 12. Rc1 a6 13. Qe2 Rad8 14. Rcd1 Bc8 15. h3 b6 16. Qd2 d5 17. Qc1 d4 18. Bg5 dxc3 19. Qxc3 e5 20. Nh4 h6 21. Be3 Nd4 22. Qc1 Kh7 23. Nf3 Bd7 24. a3 Ba4 25. Bxd4 cxd4 26. Rd2 Rc8 27. Qb1 Nd7 28. b3 Bc6 29. Rb2 Nc5 30. Kh2 b5 31. Rc1 Qe7 32. cxb5 Bxb5 33. Ne1 h5 34. Rbc2 Bd7 35. b4 Ne6 36. Rxc8 Rxc8 37. Rxc8 Bxc8 38. Qc2 Qc7 39. Qxc7 Nxc7 40. Nc2 Nb5 41. a4 Nc3 42. a5 Bf8 0-1

[Event "NED-ch U13"]
[Site "Rijswijk"]
[Date "2011.06.03"]
[Round "6"]
[White "Schalij, Ties"]
[Black "Westerduin, Dennis"]
[Result "1-0"]
[WhiteElo "1333"]
[BlackElo "1056"]
[PlyCount "57"]
[EventDate "2011.06.02"]
[EventType "swiss"]
[EventRounds "9"]
[EventCountry "NED"]
[SourceTitle "EXT 2012"]
[Source "ChessBase"]
[SourceDate "2011.11.24"]
[SourceVersion "1"]
[SourceVersionDate "2011.11.24"]
[SourceQuality "1"]

1. e4 c5 2. c3 Nc6 3. d4 cxd4 4. cxd4 d5 5. Nc3 dxe4 6. Nxe4 Qxd4 7. Qxd4 Nxd4 8. Bf4 Nc6 9. 0-0-0 e5 10. Bg5 Be7 11. Bc4 Be6 12. Bxe6 fxe6 13. Bxe7 Ngxe7 14. Nd6+ Kf8 15. Nf3 Rd8 16. Nxb7 Rxd1+ 17. Rxd1 Ng6 18. Nc5 Kf7 19. Ng5+ Kf6 20. Ngxe6 Re8 21. Nc7 Rc8 22. Rd6+ Kf7 23. Rxc6 Nf4 24. Ne4 Nd5 25. Nd6+ Ke7 26. Nxc8+ Kd7 27. Rd6+ Kxc7 28. Rxd5 Kxc8 29. Rxe5 1-0

[Event "NED-ch U13"]
[Site "Rijswijk"]
[Date "2011.06.02"]
[Round "1"]
[White "Westerduin, Dennis"]
[Black "Kevlishvili, Robby"]
[Result "0-1"]
[WhiteElo "1056"]
[BlackElo "1837"]
[PlyCount "76"]
[EventDate "2011.06.02"]
[EventType "swiss"]
[EventRounds "9"]
[EventCountry "NED"]
[SourceTitle "EXT 2012"]
[Source "ChessBase"]
[SourceDate "2011.11.24"]
[SourceVersion "1"]
[SourceVersionDate "2011.11.24"]
[SourceQuality "1"]

1. e4 c5 2. Nf3 d6 3. Bc4 e6 4. Nc3 Nc6 5. 0-0 Nf6 6. Be2 Be7 7. d3 0-0 8. Be3 d5 9. Bd2 a6 10. Re1 d4 11. Nb1 e5 12. c3 Be6 13. b3 Nd7 14. c4 f5 15. Bf1 f4 16. Bc1 g5 17. h3 Kh8 18. Nbd2 Rg8 19. Nh2 Nf6 20. f3 Nh5 21. Bb2 Ng3 22. Rc1 Nb4 23. a3 Nxf1 24. Ndxf1 Nc6 25. Kh1 Qd7 26. Qd2 Bd8 27. Qf2 h5 28. Qe2 g4 29. hxg4 hxg4 30. fxg4 Bxg4 31. Nxg4 Rxg4 32. Rc2 Rh4+ 33. Kg1 Qh7 34. g3 Rh1+ 35. Kf2 fxg3+ 36. Nxg3 Rh2+ 37. Kf3 Qf7+ 38. Nf5 Qh5+ 0-1

[Event "NED-ch U11"]
[Site "Waalwijk"]
[Date "2011.04.23"]
[Round "7"]
[White "Westerduin, Dennis"]
[Black "Kanger, Thomas"]
[Result "0-1"]
[WhiteElo "839"]
[BlackElo "962"]
[PlyCount "110"]
[EventDate "2011.04.22"]
[EventType "swiss"]
[EventRounds "9"]
[EventCountry "NED"]
[SourceTitle "EXT 2012"]
[Source "ChessBase"]
[SourceDate "2011.11.24"]
[SourceVersion "1"]
[SourceVersionDate "2011.11.24"]
[SourceQuality "1"]

1. e4 e5 2. Nf3 Nc6 3. Bc4 Nf6 4. d3 Bc5 5. 0-0 0-0 6. Be3 d6 7. Bxc5 dxc5 8. Nc3 Be6 9. Bb5 Qd6 10. Re1 a6 11. Ba4 b5 12. Bb3 c4 13. dxc4 bxc4 14. Ba4 Nb4 15. a3 Qxd1 16. Raxd1 a5 17. Nxe5 c5 18. Bb5 Nxc2 19. Rf1 Nd4 20. Bxc4 Bxc4 21. Nxc4 Rad8 22. h3 Rfe8 23. Rfe1 Nxe4 24. Rxe4 Rxe4 25. Kh2 Ree8 26. Rg1 Nc6 27. Na4 Re4 28. Ncb6 Re2 29. f3 f5 30. Kh1 h5 31. Rf1 Rdd2 32. Rg1 g5 33. Nxc5 Rxb2 34. Nca4 Rb3 35. Rc1 Nd4 36. Rc8+ Kf7 37. Rd8 Nxf3 38. Rd1 Re1+ 39. Rxe1 Nxe1 40. Nc4 Rb1 41. Kh2 g4 42. h4 Rc1 43. Ne3 Ra1 44. Nc2 Nxc2 45. Nc5 Nxa3 46. Na4 Nc2 47. Nc3 a4 48. Nb5 a3 49. Nc3 a2 50. g3 Rh1+ 51. Kxh1 a1Q+ 52. Kg2 Qxc3 53. Kf1 Qe1+ 54. Kg2 Ne3+ 55. Kh2 Qf2+ 0-1

[Event "NED-ch U11"]
[Site "Waalwijk"]
[Date "2011.04.22"]
[Round "5"]
[White "Westerduin, Dennis"]
[Black "Mestrom, Wolf"]
[Result "1-0"]
[WhiteElo "839"]
[BlackElo "833"]
[PlyCount "145"]
[EventDate "2011.04.22"]
[EventType "swiss"]
[EventRounds "9"]
[EventCountry "NED"]
[SourceTitle "EXT 2012"]
[Source "ChessBase"]
[SourceDate "2011.11.24"]
[SourceVersion "1"]
[SourceVersionDate "2011.11.24"]
[SourceQuality "1"]

1. e4 c5 2. Nf3 e6 3. Bc4 d6 4. 0-0 a6 5. Re1 b5 6. Bf1 Nc6 7. d3 Bb7 8. Be3 Nf6 9. g3 Be7 10. Bg2 0-0 11. a3 h6 12. Nc3 Qc7 13. Qe2 Rad8 14. Rad1 Rfe8 15. Qf1 d5 16. exd5 exd5 17. Bf4 Qb6 18. Ne5 Nxe5 19. Bxe5 d4 20. Bxb7 dxc3 21. Bg2 cxb2 22. Bxb2 a5 23. Rb1 b4 24. Bc3 Qc7 25. Be5 Qd7 26. axb4 axb4 27. h3 Nd5 28. Rbc1 Bf6 29. Bxd5 Bxe5 30. Bg2 Bc3 31. Red1 Re7 32. Kh2 Rde8 33. Qh1 Re5 34. Bc6 Qd4 35. Bxe8 Qxf2+ 36. Qg2 Qxg2+ 37. Kxg2 Rxe8 38. Rf1 Bd2 39. Rcd1 Re2+ 40. Rf2 Rxf2+ 41. Kxf2 Bc3 42. Kg2 f5 43. g4 fxg4 44. hxg4 g5 45. Rf1 Kg7 46. Rf5 Bd4 47. Kf3 Kg6 48. Rd5 Kf6 49. Ke4 Bg1 50. Rd6+ Kg7 51. Kf5 Kh7 52. Rd7+ Kg8 53. Kg6 Kf8 54. Kxh6 Be3 55. Rd5 Ke7 56. Rxg5 Bxg5+ 57. Kxg5 Ke6 58. Kh6 Kf6 59. g5+ Kf7 60. Kh7 Ke6 61. g6 Kd5 62. g7 Kd4 63. g8Q Kc3 64. Qc4+ Kb2 65. Qxc5 b3 66. cxb3 Kxb3 67. d4 Kb2 68. d5 Kb3 69. d6 Kb2 70. d7 Kb3 71. d8Q Kb2 72. Qdb6+ Ka2 73. Qca5# 1-0

[Event "NED-ch U11"]
[Site "Waalwijk"]
[Date "2011.04.22"]
[Round "3"]
[White "Westerduin, Dennis"]
[Black "Platenburg, Jarno"]
[Result "1-0"]
[WhiteElo "839"]
[BlackElo "659"]
[PlyCount "79"]
[EventDate "2011.04.22"]
[EventType "swiss"]
[EventRounds "9"]
[EventCountry "NED"]
[SourceTitle "EXT 2012"]
[Source "ChessBase"]
[SourceDate "2011.11.24"]
[SourceVersion "1"]
[SourceVersionDate "2011.11.24"]
[SourceQuality "1"]

1. e4 e5 2. Nf3 Nc6 3. Bc4 Nf6 4. Ng5 d5 5. exd5 Nxd5 6. Nf3 Nf6 7. 0-0 Bg4 8. Be2 Bc5 9. Nxe5 Nxe5 10. Bxg4 Nexg4 11. h3 Ne5 12. Re1 Bd6 13. f4 0-0 14. fxe5 Bc5+ 15. d4 Bxd4+ 16. Kh1 Ne8 17. Nc3 Qh4 18. Re4 Qg3 19. Qxd4 f6 20. exf6 Nxf6 21. Re3 Qg6 22. Qc4+ Kh8 23. Qxc7 Ne8 24. Qg3 Rf1+ 25. Kh2 Qxg3+ 26. Rxg3 Nf6 27. Rd3 Re8 28. Rd1 Rf2 29. Rd2 Rf5 30. Re2 Rf8 31. Re7 Rh5 32. Kg1 Ng8 33. Rxb7 Rhf5 34. Be3 Nf6 35. Rxa7 Nh5 36. b4 Ng3 37. b5 Rf1+ 38. Rxf1 Rxf1+ 39. Kh2 Nf5 40. Ra8# 1-0